Apprenez à lire l'alphabet grec - Statistiques

Statistiques générales
  • Ce quiz a été pris 330 fois
  • Le résultat moyen est 7 sur 10
Statistiques - réponses
Hint Réponse % Correct
Δανιήλ Daniel
100%
Δέλτα Delta
100%
Δημοκράτης Dimokratis
100%
Ιώτα Iota
100%
Ητα Ita
100%
Μίνωας Minoas
100%
Σίλας Silas
100%
Ξάνθιππος Xanthippos
100%
Ξάνθος Xanthos
100%
Ζήτα Zita
100%
Απολλινάριος Apollinários
88%
Αριστοκλής Aristoklis
86%
Εψιλον Epsilon
86%
Γάμμα Gamma
86%
Βήτα Vita
86%
Ήρων Eron
83%
Γουίδωνας Gouidonas
80%
Θεαγένης Theagénes
80%
Δαίδαλος Daidalos
78%
Ιωνάθαν Ionathan
78%
Ωκεανός Okeanos
78%
Ωμέγα Oméga
78%
Παντολέων Pantoleon
78%
Έρασμος Erasmos
77%
Απόλλων Apollon
75%
Διογένης Diogenis
75%
Δορυμέδοντας Dorymédontas
75%
Εδουάρδος Edouardos
75%
Κάππα Kappa
75%
Παναγιώτης Panagiotis
75%
Σωκράτης Socrates
75%
Θεμιστοκλής Themistokles
75%
Θεοβάλδος Theobaldos
75%
Αντίγονος Antigonos
73%
Γαβριήλ Gavriil
73%
Αλφα Alpha
71%
Επαφρόδιτος Epaphroditos
71%
Μαξέντιος Maxentios
71%
Νικηφόρος Nikephoros
71%
Τιμόθεος Timotheos
71%
Ηράκλειος Erakleios
67%
Γεώργιος Georgios
67%
Ιερώνυμος Ieronimos
67%
Ιωάννης Ioannis
67%
Παΐσιος Paisios
67%
Σωτήριος Soterios
67%
Ήφαιστος Ephaistos
63%
Κωνσταντίνος Konstantinos
63%
Μιχαήλ Michail
63%
Πολυχρόνιος Polychronios
63%
Υψιλον Upsilon
63%
Ξενοφώντας Xenophontas
63%
Ιγνάτιος Ignatios
62%
Ελευθέριος Eleutherios
60%
Ευψύχιος Eupsychios
60%
Ομικρον Omicron
60%
Πολυζώης Polyzoes
60%
Σίγμα Sigma
60%
Διονύσιος Dionisios
57%
Φρίξος Phrixos
56%
Θήτα Thita
55%
Αναξιμένης Anaximenis
50%
Χοίριλος Choirilos
50%
Δήμητρα Dimitra
50%
Εμμανουήλ Emmanouil
50%
Ωρίων Orion
50%
Φαίδωνας Phaidonas
50%
Ραφαήλ Raphael
50%
Θωμάς Thomas
50%
Ζαφείριος Zaphéirios
50%
Ηρακλής Erakles
44%
Λυκούργος Likourgos
43%
Θαλάσσιος Thalassios
43%
Λάζαρος Lazaros
42%
Βακχυλίδης Bakchylídēs
40%
Ιάσων Iason
40%
Λάμδα Lamda
40%
Οδυσσεύς Odysseus
40%
Ροδόλφος Rodolphos
40%
Σεραφείμ Serapheim
38%
Ψαμμήτιχος Psammetichos
33%
Σεβαστιανός Sebastianos
33%
Ζηνόδωρος Zenodoros
33%
Θεοδώριχος Theodorichos
30%
Χαρίσιος Charisios
29%
Πύρρος Pyrros
29%
Γαβριήλ Gabriel
25%
Φραγκίσκος Phragkiskos
13%
Βελλεροφών Bellérophόn
0%
Aucun quiz correspondant
Distribution des résultats
% des personnes avec chaque résultat
Percentile par nombre de réponses
Votre historique - résultats
Vous n’avez pas pris ce quiz